000 00519nab a2200145Ia 4500
003 ES-SlBCS
005 20210601143650.0
008 140529s2006 xxu||||| |||| 00| 0 spa d
041 _aspa
100 1 _aGonzález-Blanch, César
_9291097
245 0 0 _a¿Deben regularse hoy como profesiones sanitarias todas las disciplinas relacionadas con la salud?
_c César González-Blanch
650 0 4 _aPsicología Clínica
_9126047
773 0 _tPapeles del Psicólogo
_gvol. 27, nº. 1, 2006, págs. 58-60
_wRev1322
942 _cAR
999 _c695803
_d695803